000 00995cam a22002651 4500
001 gs 27000172
003 DLC
005 20260227111331.0
008 780912s1927 dcuafb f000 0 eng c
010 _ags 27000172
035 _a(OCoLC)4216816
040 _aLibrary, U.S. Geological Survey
_cTxU
_dTxU
_dDLC
050 0 0 _aQE75
_b.B9 no. 789
051 _aQE84.I6
_bM6
100 1 _aMoffit, Fred H.
_q(Fred Howard),
_d1874-1958?
245 1 4 _aThe Iniskin-Chinitna Peninsula and the Snug Harbor district, Alaska,
_cby Fred H. Moffit.
260 _aWashington,
_bGovt. Print. Off.,
_c1927.
300 _aiv, 71 p.
_b11 pl. (part fold., incl. 5 maps) tables (1 fold.)
_c23 cm.
410 2 0 _aGeological Survey (U.S.).
_tBulletin
_v789
500 _aAt head of title: Department of the Interior.
504 _aBibliographical references.
650 0 _aGeology
_zAlaska
_zIniskin-Chinitna Peninsula.
650 0 _aGeology
_zAlaska
_zSnug Harbor district.
740 0 2 _aSnug Harbor district, Alaska.
999 _c26559
_d26559